000 01116cam a22003134a 4500
001 9435
003 BD-RjUL
005 20211208234758.0
008 020104s2003 ne a b 001 0 eng
020 _a0122541057
035 _a(DLC) 2002100071
_a(BD-RjUL)9480
040 _aDLC
_cDLC
_dDLC
_dBD-RjUL
_beng
041 _aeng
082 0 0 _a535.846
_222
_bFEI 2005
100 1 _aFerraro, John R.,
_d1918-
_929240
245 1 0 _aIntroductory Raman spectroscopy /
_cJohn R. Ferraro, Kazua Nakamoto, Chris W. Brown.
250 _a2nd ed.
260 _aAmsterdam ;
_aBoston :
_bAcademic Press,
_cc2003 [Printed 2005].
300 _axiii, 434 p. :
_bill. ;
_c24 cm.
504 _aIncludes bibliographical references and index.
650 0 _aRaman spectroscopy.
_928805
700 1 _aNakamoto, Kazuo,
_d1922-
_929241
700 1 _aBrown, Chris W.
_929242
856 4 1 _3Table of contents
_uhttp://www.loc.gov/catdir/toc/els051/2002100071.html
856 4 2 _3Publisher description
_uhttp://www.loc.gov/catdir/description/els031/2002100071.html
942 _2ddc
_cBK
999 _c9435
_d9435